Normal view MARC view

Entry Topical Term

Number of records used in: 1

001 - CONTROL NUMBER

  • control field: 4968

003 - CONTROL NUMBER IDENTIFIER

  • control field: HDC

005 - DATE AND TIME OF LATEST TRANSACTION

  • control field: 20230624073208.0

008 - FIXED-LENGTH DATA ELEMENTS

  • fixed length control field: 210117|| aca||aabn | a|a d

040 ## - CATALOGING SOURCE

  • Original cataloging agency: HDC
  • Transcribing agency: HDC

150 ## - HEADING--TOPICAL TERM

  • Topical term or geographic name entry element: Pengguna Muslim

670 ## - SOURCE DATA FOUND

  • Source citation: Work cat.: (HDC): Persidangan Kebangsaan Ekonomi Malaysia ke VIII (PERKEM VIII) “Dasar Awam Dalam Era Transformasi Ekonomi: Cabaran dan Halatuju” Johor Bahru, 7 – 9 Jun 2013 4966, Analisis Keprihatinan Pengguna Muslim Terhadap Isu Halal-Haram Produk Melalui Pembentukan Indeks / oleh, 2013
Halal Development Corporation Berhad (HDC)
5.02 Level 5, KPMG Tower, First Avenue, Persiaran Bandar Utama, 47800 Petaling Jaya, Selangor Darul Ehsan
Phone: +603 7965 5489 Email: [email protected]